Ciudades de Eurocopa 2008 - Estadísticas

Estadísticas generales
  • Esta prueba ha sido intentada 16 veces
  • La puntuación promedio es 5 de 8
Estadísticas de respuestas
Imagen Respuesta % Correcto
Viena
100%
Berna
80%
Basilea
67%
Salzburgo
67%
Zúrich
67%
Ginebra
53%
Innsbruck
47%
Klagenfurt
20%
No se encontraron pruebas coincidentes
Distribución de puntuación
Porcentaje de gente con cada puntuación
Porcentaje por número respondido
Historial de tus puntuaciones
No has intentado esta prueba.